[Event "Vaxjo op"]
[Site "Vaxjo"]
[Date "2024.02.10"]
[Round "5"]
[White "Silseth, Simon"]
[Black "Mattsson, Michael"]
[Result "1-0"]
[WhiteElo "2228"]
[BlackElo "2033"]
[PlyCount "67"]
[EventDate "2024.02.09"]
[EventType "swiss"]
[EventRounds "8"]
[EventCountry "SWE"]
[SourceTitle "CBM 218 Extra"]
[Source "ChessBase"]
[SourceDate "2024.03.31"]
[SourceVersion "1"]
[SourceVersionDate "2024.03.31"]
[SourceQuality "1"]

1. c4 e5 2. Nc3 Nf6 3. Nf3 Nc6 4. g3 d5 5. cxd5 Nxd5 6. Bg2 Nb6 7. 0-0 Be7 8. d3 0-0 9. a3 a5 10. Be3 Be6 11. Rc1 Nd5 12. Nxd5 Bxd5 13. Qa4 Bf6 14. Nd2 Bxg2 15. Kxg2 Nd4 16. Bxd4 exd4 17. Qb5 Qe8 18. Qxe8 Rfxe8 19. Rxc7 Rxe2 20. Rfc1 Kf8 21. R1c2 b5 22. Kf3 Re7 23. Ne4 Rxc7 24. Rxc7 Be7 25. Rb7 b4 26. a4 Ke8 27. Nd2 Rc8 28. Nc4 Rc5 29. Ra7 Rf5+ 30. Ke2 h5 31. Rxa5 Rxa5 32. Nxa5 Kd7 33. Nb3 Bf6 34. Kf3 1-0

[Event "Deltalift op"]
[Site "Tylosand"]
[Date "2023.05.18"]
[Round "2"]
[White "Kucuksari, Kaan"]
[Black "Mattsson, Michael"]
[Result "1-0"]
[WhiteElo "2504"]
[BlackElo "2065"]
[PlyCount "87"]
[EventDate "2023.05.18"]
[EventType "swiss"]
[EventRounds "8"]
[EventCountry "SWE"]
[SourceTitle "CBM 214 Extra"]
[Source "ChessBase"]
[SourceDate "2023.07.31"]
[SourceVersion "1"]
[SourceVersionDate "2023.07.31"]
[SourceQuality "1"]

1. d4 Nf6 2. Nf3 e6 3. Bf4 c5 4. e3 Nc6 5. Nbd2 d5 6. c3 Bd6 7. Bg3 Ne4 8. Nxe4 dxe4 9. Nd2 f5 10. Bxd6 Qxd6 11. Bb5 cxd4 12. Nc4 Qd5 13. Qxd4 0-0 14. Qxd5 exd5 15. Nd6 Rd8 16. Nxc8 Raxc8 17. 0-0 Kf7 18. Rad1 Ke6 19. f4 exf3 20. gxf3 Ne5 21. Rd4 Rc5 22. Be2 Nc4 23. e4 Ne3 24. Rc1 Rf8 25. b4 Rc7 26. exd5+ Kd6 27. Kf2 f4 28. c4 b6 29. Re4 Rf6 30. Rg1 h6 31. h4 g6 32. a4 a6 33. Rxf4 Rxf4 34. Rxg6+ Ke5 35. Kxe3 Rfxc4 36. Bxc4 Rxc4 37. Rxb6 Kxd5 38. h5 Ke5 39. Rxh6 a5 40. bxa5 Rxa4 41. a6 Ra3+ 42. Ke2 Kf4 43. Rc6 Ra2+ 44. Kd3 1-0

[Event "Stockholm 4 Knights Autumn"]
[Site "Stockholm"]
[Date "2019.10.23"]
[Round "7"]
[White "Kononenko, Dmitry1"]
[Black "Mattsson, Michael"]
[Result "1-0"]
[WhiteElo "2265"]
[BlackElo "2035"]
[PlyCount "95"]
[EventDate "2019.10.19"]
[EventType "tourn"]
[EventRounds "9"]
[EventCountry "SWE"]
[EventCategory "1"]
[SourceTitle "CBM 192 Extra"]
[Source "Chessbase"]
[SourceDate "2019.11.06"]
[SourceVersion "1"]
[SourceVersionDate "2019.11.06"]
[SourceQuality "1"]

1. Nf3 Nf6 2. c4 e6 3. g3 d5 4. Bg2 dxc4 5. Qa4+ Bd7 6. Qxc4 Bc6 7. 0-0 Qd5 8. Qxd5 Nxd5 9. Ne5 Nb4 10. Nxc6 N8xc6 11. Nc3 0-0-0 12. a3 Nd5 13. e3 Nxc3 14. bxc3 Ne5 15. d4 Nc4 16. a4 a5 17. Rb1 c6 18. e4 Kc7 19. Rb3 Bd6 20. f4 Nb6 21. f5 e5 22. Be3 Nxa4 23. Ra1 b5 24. Bf1 Ra8 25. Kg2 Rhb8 26. c4 Bb4 27. cxb5 cxb5 28. dxe5 Nc3 29. Rc1 Kd7 30. Kf3 Rc8 31. Bd2 Nxe4 32. Kxe4 Bxd2 33. Rd3+ Ke7 34. Rxc8 Rxc8 35. Rxd2 b4 36. Ra2 Ra8 37. Ra4 Kd7 38. Kd4 f6 39. e6+ Kd6 40. Bc4 Ra7 41. Bb3 g6 42. g4 gxf5 43. gxf5 Ra8 44. Ra1 Ra7 45. Ra2 Ra8 46. Ba4 Rb8 47. Kc4 Rg8 48. Rd2+ 1-0

[Event "Stockholm 4 Knights Autumn"]
[Site "Stockholm"]
[Date "2019.10.22"]
[Round "4"]
[White "Mattsson, Michael"]
[Black "Mirzoev, Emil"]
[Result "0-1"]
[WhiteElo "2035"]
[BlackElo "2455"]
[PlyCount "48"]
[EventDate "2019.10.19"]
[EventType "tourn"]
[EventRounds "9"]
[EventCountry "SWE"]
[EventCategory "1"]
[SourceTitle "CBM 192 Extra"]
[Source "Chessbase"]
[SourceDate "2019.11.06"]
[SourceVersion "1"]
[SourceVersionDate "2019.11.06"]
[SourceQuality "1"]

1. e4 Nf6 2. e5 Nd5 3. d4 d6 4. Bc4 Nb6 5. Bb3 d5 6. Nf3 Bf5 7. e6 Bxe6 8. Ng5 Bf5 9. Qf3 Bg6 10. Nc3 e6 11. 0-0 Nc6 12. Re1 Be7 13. Qg4 Bf5 14. Qh5 g6 15. Qh6 Bf8 16. Qh4 h6 17. g4 Bg7 18. gxf5 hxg5 19. Qxg5 Qxg5+ 20. Bxg5 Nxd4 21. Bxd5 gxf5 22. Rac1 Nxd5 23. Nxd5 Nf3+ 24. Kf1 Nxe1 0-1

[Event "Stockholm 4 Knights Autumn"]
[Site "Stockholm"]
[Date "2019.10.21"]
[Round "2"]
[White "Papunidi, Matvey"]
[Black "Mattsson, Michael"]
[Result "1/2-1/2"]
[WhiteElo "2083"]
[BlackElo "2035"]
[PlyCount "140"]
[EventDate "2019.10.19"]
[EventType "tourn"]
[EventRounds "9"]
[EventCountry "SWE"]
[EventCategory "1"]
[SourceTitle "CBM 192 Extra"]
[Source "Chessbase"]
[SourceDate "2019.11.06"]
[SourceVersion "1"]
[SourceVersionDate "2019.11.06"]
[SourceQuality "1"]

1. e4 e5 2. Nf3 Nc6 3. Bb5 a6 4. Ba4 Nf6 5. 0-0 b5 6. Bb3 Be7 7. d3 0-0 8. Nc3 d6 9. a3 Bg4 10. Be3 Nd4 11. Bxd4 exd4 12. Nd5 c5 13. Nf4 Nd7 14. Bd5 Rb8 15. h3 Bxf3 16. Qxf3 Ne5 17. Qe2 g6 18. g4 Nd7 19. Ba2 Nb6 20. Nd5 Na4 21. Rab1 Bf6 22. f4 Bg7 23. f5 Be5 24. f6 Nb6 25. Ne7+ Kh8 26. Nc6 Qc7 27. Nxb8 Rxb8 28. g5 c4 29. Kg2 d5 30. Rfe1 Bg3 31. exd5 Bxe1 32. Rxe1 h6 33. Qe5 Qxe5 34. Rxe5 hxg5 35. Rxg5 Re8 36. Kf2 Re3 37. Rg3 Re5 38. Rg4 Rxd5 39. Ke2 Rd6 40. Kd2 Kg8 41. h4 Kf8 42. dxc4 bxc4 43. c3 dxc3+ 44. Kxc3 Rxf6 45. Bxc4 Rc6 46. b3 Ke7 47. Kd4 f5 48. Rf4 Nxc4 49. bxc4 Ke6 50. Rf1 Rd6+ 51. Kc3 Ke5 52. c5 Rc6 53. Kc4 f4 54. Re1+ Kf5 55. Kd5 Rc8 56. Re5+ Kg4 57. Rg5+ Kxh4 58. Rxg6 a5 59. c6 f3 60. Rf6 Kg3 61. Kd6 f2 62. c7 Kg2 63. Kd7 Rh8 64. c8Q Rxc8 65. Kxc8 f1Q 66. Rxf1 Kxf1 67. Kc7 a4 68. Kb6 Ke2 69. Ka5 Kd3 70. Kxa4 Kc4 1/2-1/2

[Event "Lidkoping op"]
[Site "Lidkoping"]
[Date "2019.08.25"]
[Round "7"]
[White "Mattsson, Michael"]
[Black "Blomstrom, Lars"]
[Result "1-0"]
[WhiteElo "2011"]
[BlackElo "2132"]
[PlyCount "67"]
[EventDate "2019.08.24"]
[EventType "swiss"]
[EventRounds "7"]
[EventCountry "SWE"]
[SourceTitle "EXT 2020"]
[Source "ChessBase"]
[SourceDate "2019.10.17"]
[SourceVersion "1"]
[SourceVersionDate "2019.10.17"]
[SourceQuality "1"]

1. e4 e5 2. Nf3 Nc6 3. Bc4 Bc5 4. 0-0 Nf6 5. c3 Nxe4 6. d4 Bb6 7. d5 Nd6 8. dxc6 Nxc4 9. Qd5 Nd6 10. Qxe5+ Kf8 11. a4 a5 12. cxd7 Bxd7 13. Be3 Bxe3 14. Qxe3 b6 15. Ne5 f6 16. Nxd7+ Qxd7 17. Qd4 Qe6 18. Nd2 Re8 19. b4 Qe5 20. Nf3 Qxd4 21. Nxd4 Nc4 22. Rfd1 Kf7 23. Nb5 Re7 24. Rd4 Rhe8 25. h3 Ne5 26. f4 Ng6 27. Rc4 Re2 28. Rxc7+ Kg8 29. Nd6 R8e3 30. Nf5 Rd3 31. Rc8+ Kf7 32. Rc7+ Kg8 33. Nd4 Re4 34. f5 1-0

[Event "Lidkoping op"]
[Site "Lidkoping"]
[Date "2019.08.25"]
[Round "5"]
[White "Mattsson, Michael"]
[Black "Svensson, Bengt"]
[Result "1/2-1/2"]
[WhiteElo "2011"]
[BlackElo "2310"]
[PlyCount "38"]
[EventDate "2019.08.24"]
[EventType "swiss"]
[EventRounds "7"]
[EventCountry "SWE"]
[SourceTitle "EXT 2020"]
[Source "ChessBase"]
[SourceDate "2019.10.17"]
[SourceVersion "1"]
[SourceVersionDate "2019.10.17"]
[SourceQuality "1"]

1. e4 c5 2. Nf3 d6 3. d4 cxd4 4. Qxd4 Bd7 5. c4 Nc6 6. Qd2 g6 7. Nc3 Bh6 8. Qc2 Bg7 9. Be2 Bg4 10. 0-0 Nf6 11. Rd1 Nd7 12. Be3 0-0 13. Nd4 Nxd4 14. Bxd4 Bxe2 15. Qxe2 Rc8 16. Nd5 Rc6 17. Nb4 Rc8 18. Nd5 Rc6 19. Nb4 Rc8 1/2-1/2

[Event "Lidkoping op"]
[Site "Lidkoping"]
[Date "2019.08.25"]
[Round "6"]
[White "Nygren, Kim"]
[Black "Mattsson, Michael"]
[Result "1-0"]
[WhiteElo "2171"]
[BlackElo "2011"]
[PlyCount "71"]
[EventDate "2019.08.24"]
[EventType "swiss"]
[EventRounds "7"]
[EventCountry "SWE"]
[SourceTitle "EXT 2020"]
[Source "ChessBase"]
[SourceDate "2019.10.17"]
[SourceVersion "1"]
[SourceVersionDate "2019.10.17"]
[SourceQuality "1"]

1. e4 e5 2. Nf3 Nc6 3. Bb5 a6 4. Ba4 Nf6 5. 0-0 b5 6. Bb3 Be7 7. Re1 0-0 8. a4 b4 9. d3 d6 10. h3 Na5 11. Nbd2 Nxb3 12. Nxb3 c5 13. Nh2 Be6 14. f4 Bxb3 15. cxb3 Kh8 16. Qf3 Nd7 17. f5 Bg5 18. Be3 Bxe3+ 19. Rxe3 f6 20. Kh1 Nb8 21. g4 Nc6 22. Rg1 Qe7 23. Qf2 g5 24. fxg6 hxg6 25. h4 Ra7 26. Rh3 Qe6 27. Qe3 Rh7 28. g5 f5 29. exf5 gxf5 30. g6 f4 31. Qf3 Nd4 32. Qg2 Rg7 33. h5 Rfg8 34. Qg5 Rh7 35. h6 Qxh3 36. g7+ 1-0

[Event "Lidkoping op"]
[Site "Lidkoping"]
[Date "2019.08.24"]
[Round "4"]
[White "Winsnes, Rikard"]
[Black "Mattsson, Michael"]
[Result "0-1"]
[WhiteElo "2375"]
[BlackElo "2011"]
[PlyCount "64"]
[EventDate "2019.08.24"]
[EventType "swiss"]
[EventRounds "7"]
[EventCountry "SWE"]
[SourceTitle "EXT 2020"]
[Source "ChessBase"]
[SourceDate "2019.10.17"]
[SourceVersion "1"]
[SourceVersionDate "2019.10.17"]
[SourceQuality "1"]

1. g3 e5 2. c4 d5 3. cxd5 Qxd5 4. Nf3 Bb4 5. Nc3 Bxc3 6. dxc3 Qxd1+ 7. Kxd1 Nc6 8. Bg2 Bf5 9. Nd2 Nge7 10. Ke1 0-0-0 11. Ne4 f6 12. Bd2 Rd5 13. Be3 Rhd8 14. b4 b6 15. a4 a6 16. f4 R5d7 17. Kf2 Nd5 18. Bd2 a5 19. b5 Nce7 20. c4 Bxe4 21. Bxe4 Nxf4 22. Bxf4 exf4 23. gxf4 Rd4 24. Bd3 Rxf4+ 25. Kg3 Rfd4 26. Rhc1 g6 27. c5 Kb7 28. Rc2 bxc5 29. Rxc5 R8d5 30. Rc3 Rg5+ 31. Kf3 Nd5 32. Rc2 Rf4# 0-1

[Event "Balatonalmadi Pannonia Cup 27th"]
[Site "Balatonalmadi"]
[Date "2019.07.27"]
[Round "5"]
[White "Karacsonyi, Gellert"]
[Black "Mattsson, Michael"]
[Result "1-0"]
[WhiteElo "2315"]
[BlackElo "2073"]
[PlyCount "97"]
[EventDate "2019.07.24"]
[EventType "swiss"]
[EventRounds "7"]
[EventCountry "HUN"]
[SourceTitle "CBM 191 Extra"]
[Source "ChessBase"]
[SourceDate "2019.09.30"]
[SourceVersion "1"]
[SourceVersionDate "2019.09.30"]
[SourceQuality "1"]

1. e4 e5 2. Nf3 Nc6 3. Bb5 a6 4. Bxc6 dxc6 5. 0-0 Bg4 6. h3 h5 7. d3 Qf6 8. Nbd2 Ne7 9. Re1 Ng6 10. d4 Bd6 11. hxg4 hxg4 12. Nh2 Rxh2 13. Qxg4 Rh4 14. Qf5 exd4 15. Nf3 Rh7 16. Bg5 Qe6 17. Qxe6+ fxe6 18. Nxd4 Kf7 19. Nf3 Ne5 20. Nxe5+ Bxe5 21. c3 Rah8 22. g3 Rh5 23. Be3 g5 24. Kg2 g4 25. Rh1 Rxh1 26. Rxh1 Rxh1 27. Kxh1 b6 28. Kg2 c5 29. Bf4 Kf6 30. Bxe5+ Kxe5 31. f3 c4 32. Kf2 a5 33. Ke3 gxf3 34. Kxf3 a4 35. a3 c6 36. Ke3 c5 37. Kf3 Kf6 38. Kf4 b5 39. Kg4 Ke5 40. Kf3 b4 41. Ke3 Kf6 42. Kf4 b3 43. Kg4 Ke5 44. Kf3 Kf6 45. Kf4 e5+ 46. Kg4 Kg6 47. Kh4 Kh6 48. g4 Kg6 49. g5 1-0

[Event "Paleochora op 12th"]
[Site "Paleochora"]
[Date "2019.07.13"]
[Round "1"]
[White "Kobalia, Mihail"]
[Black "Mattsson, Michael"]
[Result "1-0"]
[WhiteElo "2608"]
[BlackElo "2073"]
[PlyCount "65"]
[EventDate "2019.07.13"]
[EventType "swiss"]
[EventRounds "9"]
[EventCountry "GRE"]
[SourceTitle "EXT 2020"]
[Source "ChessBase"]
[SourceDate "2019.10.17"]
[SourceVersion "1"]
[SourceVersionDate "2019.10.17"]
[SourceQuality "1"]

1. e4 e5 2. Nf3 Nc6 3. Bb5 a6 4. Ba4 Nf6 5. 0-0 b5 6. Bb3 Be7 7. d3 d6 8. a4 b4 9. a5 0-0 10. Nbd2 Rb8 11. Nc4 Nd4 12. Nxd4 exd4 13. Re1 Rb5 14. Ba4 Rh5 15. Bd2 c5 16. c3 bxc3 17. bxc3 dxc3 18. Bxc3 Rh6 19. Nb6 Ng4 20. Nxc8 Qxc8 21. h3 Nxf2 22. Kxf2 Bh4+ 23. Kg1 Bxe1 24. Qxe1 f5 25. Bb3+ Kh8 26. e5 f4 27. exd6 f3 28. Qe7 Rg6 29. d7 Rxg2+ 30. Kf1 Qd8 31. Qxd8 Rxd8 32. Re1 Re2 33. Be6 1-0

[Event "Stockholm 4 Knights"]
[Site "Stockholm"]
[Date "2019.06.19"]
[Round "7"]
[White "Seo, Jung Min"]
[Black "Mattsson, Michael"]
[Result "1-0"]
[WhiteElo "2392"]
[BlackElo "2053"]
[PlyCount "73"]
[EventDate "2019.06.15"]
[EventType "tourn"]
[EventRounds "9"]
[EventCountry "SWE"]
[SourceTitle "CBM 191 Extra"]
[Source "ChessBase"]
[SourceDate "2019.09.30"]
[SourceVersion "1"]
[SourceVersionDate "2019.09.30"]
[SourceQuality "1"]

1. Nf3 d5 2. d4 Nf6 3. c4 c6 4. Nbd2 Bf5 5. g3 Na6 6. a3 Qa5 7. Nh4 Be4 8. f3 g5 9. fxe4 gxh4 10. Qb3 0-0-0 11. exd5 cxd5 12. gxh4 Rg8 13. Qc3 Qc7 14. cxd5 Nxd5 15. Qxc7+ Naxc7 16. Nf3 Nf6 17. Bh3+ Ng4 18. Bf4 e6 19. Rc1 Bd6 20. Bg5 Rde8 21. Bxg4 h6 22. Bh5 hxg5 23. Bxf7 Bf4 24. Rc3 g4 25. Ng5 Kd7 26. Bxe8+ Kxe8 27. Ne4 Ke7 28. e3 Bd6 29. Nxd6 Kxd6 30. Rg1 Nd5 31. Rb3 b6 32. e4 Nf4 33. Rbg3 Rc8 34. Kd2 Rc4 35. Rxg4 Rxd4+ 36. Ke3 e5 37. Rxf4 1-0

[Event "Sitges op 44th"]
[Site "Sitges"]
[Date "2018.07.25"]
[Round "5"]
[White "Glimbrant, Torbjorn"]
[Black "Mattsson, Michael"]
[Result "1/2-1/2"]
[WhiteElo "2213"]
[BlackElo "2032"]
[PlyCount "93"]
[EventDate "2018.07.22"]
[EventType "swiss"]
[EventRounds "9"]
[EventCountry "ESP"]
[SourceTitle "CBM 185 Extra"]
[Source "ChessBase"]
[SourceDate "2018.07.29"]
[SourceVersion "1"]
[SourceVersionDate "2018.07.29"]
[SourceQuality "1"]

1. d4 Nf6 2. Nf3 e6 3. c4 b6 4. g3 Ba6 5. b3 Bb4+ 6. Bd2 Be7 7. Bg2 0-0 8. 0-0 c6 9. Ne5 d5 10. Bc3 Nbd7 11. Nxd7 Nxd7 12. Nd2 Rc8 13. Re1 f5 14. e3 Nf6 15. a4 Ne4 16. Nxe4 fxe4 17. a5 b5 18. c5 Qe8 19. b4 Rc7 20. f3 exf3 21. Bxf3 Bg5 22. Qe2 Qg6 23. Rf1 Rcf7 24. Rae1 Bc8 25. e4 Bd7 26. Kg2 Qh6 27. Bg4 Rxf1 28. Rxf1 Rxf1 29. Kxf1 dxe4 30. Qxe4 Qxh2 31. Bxe6+ Bxe6 32. Qxe6+ Kf8 33. Qf5+ Bf6 34. Qf3 Ke7 35. Qe4+ Kd7 36. Qf5+ Ke7 37. Qe4+ Kd7 38. Be1 Qh3+ 39. Kf2 Qh2+ 40. Ke3 Qg1+ 41. Bf2 Qc1+ 42. Ke2 Qc4+ 43. Kf3 Qxb4 44. Qf5+ Ke7 45. Qe4+ Kd7 46. Qf5+ Ke7 47. Qe4+ 1/2-1/2

[Event "Deltalift op"]
[Site "Tylosand"]
[Date "2018.05.11"]
[Round "6"]
[White "Tuomainen, Felix"]
[Black "Mattsson, Michael"]
[Result "1/2-1/2"]
[WhiteElo "2211"]
[BlackElo "2020"]
[PlyCount "206"]
[EventDate "2018.05.10"]
[EventType "swiss"]
[EventRounds "8"]
[EventCountry "SWE"]
[SourceTitle "CBM 184 Extra"]
[Source "ChessBase"]
[SourceDate "2018.06.28"]
[SourceVersion "1"]
[SourceVersionDate "2018.06.28"]
[SourceQuality "1"]

1. d4 d5 2. Nf3 Nf6 3. c4 c6 4. e3 Bf5 5. Nc3 e6 6. Nh4 Bg6 7. Nxg6 hxg6 8. cxd5 exd5 9. g3 Bd6 10. Bg2 Qe7 11. 0-0 Nbd7 12. a3 Ne4 13. Nxe4 dxe4 14. b4 Nb6 15. Qg4 a5 16. bxa5 Rxa5 17. Qxe4 Qxe4 18. Bxe4 Kd7 19. Bd2 Rxa3 20. Rab1 Kc7 21. Rfc1 Ra4 22. Bc2 Ra2 23. e4 Rha8 24. Bb4 Bxb4 25. Rxb4 Ra1 26. Rbb1 Rxb1 27. Rxb1 Nc4 28. Rb4 b5 29. Bd3 Ra1+ 30. Kg2 Rd1 31. Bxc4 Rxd4 32. Rxb5 cxb5 33. Bxb5 Rxe4 34. Kf3 Re5 35. Bc4 Kd6 36. h4 Rf5+ 37. Ke3 Re5+ 38. Kf4 f6 39. Bf7 g5+ 40. hxg5 Rxg5 41. Bc4 Ra5 42. Bd3 g5+ 43. Ke3 f5 44. f4 g4 45. Kd4 Rd5+ 46. Kc4 Kc6 47. Bb1 Ra5 48. Kd4 Kd6 49. Bd3 Ra3 50. Bxf5 Rxg3 51. Ke4 Rg1 52. Ke3 g3 53. Bh3 Ra1 54. Bg2 Ra3+ 55. Ke4 Ke6 56. f5+ Kf6 57. Kf4 Ra4+ 58. Kxg3 Kxf5 59. Bh3+ Kg5 60. Kf2 Kf4 61. Ke2 Rd4 62. Bc8 Rc4 63. Bb7 Rc7 64. Ba8 Rd7 65. Bc6 Rd6 66. Bb7 Ke5 67. Ke3 Rb6 68. Ba8 Rb3+ 69. Kd2 Kd4 70. Kc2 Rb8 71. Bf3 Rf8 72. Bg4 Kc4 73. Be6+ Kb4 74. Kb2 Rf2+ 75. Ka1 Kc3 76. Bd5 Rd2 77. Bf7 Rf2 78. Bd5 Rf4 79. Ba2 Rf2 80. Bd5 Kc2 81. Be4+ Kc1 82. Bb1 Rf4 83. Ba2 Kc2 84. Bb1+ Kb3 85. Ba2+ Ka3 86. Bb1 Ra4 87. Bc2 Rh4 88. Bf5 Rf4 89. Bg6 Kb3 90. Bh7 Ra4+ 91. Kb1 Rh4 92. Bg8+ Kc3 93. Bf7 Rb4+ 94. Ka1 Rb7 95. Bd5 Ra7+ 96. Kb1 Ra5 97. Bf7 Rb5+ 98. Ka1 Kc2 99. Bg6+ Kc1 100. Ka2 Rb6 101. Bf5 Rf6 102. Bh7 Ra6+ 103. Kb3 Ra3+ 1/2-1/2

[Event "Deltalift op"]
[Site "Tylosand"]
[Date "2017.05.25"]
[Round "2"]
[White "Brynell, Stellan"]
[Black "Mattsson, Michael"]
[Result "1-0"]
[WhiteElo "2430"]
[BlackElo "2049"]
[PlyCount "35"]
[EventDate "2017.05.25"]
[EventType "swiss"]
[EventRounds "8"]
[EventCountry "SWE"]
[SourceTitle "CBM 178 Extra"]
[Source "ChessBase"]
[SourceDate "2017.06.22"]
[SourceVersion "1"]
[SourceVersionDate "2017.06.22"]
[SourceQuality "1"]

1. d4 Nf6 2. Nf3 e6 3. c4 b6 4. g3 Ba6 5. Qc2 Bb7 6. Bg2 c5 7. d5 exd5 8. cxd5 Bxd5 9. Nc3 Bb7 10. e4 d6 11. 0-0 Be7 12. Rd1 Qc7 13. Bf4 a6 14. e5 dxe5 15. Bxe5 Qc6 16. Re1 Nbd7 17. Nh4 Qc8 18. Bxf6 1-0

[Event "Deltalift op"]
[Site "Tylosand"]
[Date "2016.05.07"]
[Round "8"]
[White "Mattsson, Michael"]
[Black "Backman, Andreas"]
[Result "1/2-1/2"]
[WhiteElo "2005"]
[BlackElo "2149"]
[PlyCount "74"]
[EventDate "2016.05.05"]
[EventType "swiss"]
[EventRounds "8"]
[EventCountry "SWE"]
[SourceTitle "CBM 172 Extra"]
[Source "ChessBase"]
[SourceDate "2016.06.21"]
[SourceVersion "1"]
[SourceVersionDate "2016.06.21"]
[SourceQuality "1"]

1. e4 e6 2. d4 d5 3. Nd2 Nc6 4. Ngf3 Nf6 5. e5 Nd7 6. Bb5 a5 7. 0-0 Na7 8. Bd3 c5 9. c4 cxd4 10. cxd5 Nc5 11. Nb3 Nxd3 12. Qxd3 Qxd5 13. Qxd4 Qxd4 14. Nbxd4 Bc5 15. Be3 0-0 16. Nxe6 Bxe3 17. Nxf8 Bc5 18. Nxh7 Kxh7 19. Rac1 b6 20. Rfd1 Be6 21. Ng5+ Kg6 22. Ne4 Rc8 23. Nd6 Rd8 24. Ne4 Rxd1+ 25. Rxd1 Nc6 26. Nxc5 bxc5 27. Rd6 Nxe5 28. Ra6 Kf5 29. Rxa5 Ke4 30. f3+ Kd4 31. b3 Nd3 32. Kf1 Ke3 33. Rb5 Kd4 34. Ra5 Ke3 35. Rb5 Kd4 36. Ra5 Nc1 37. Ke1 Nd3+ 1/2-1/2

[Event "Deltalift op"]
[Site "Tylosand"]
[Date "2015.05.14"]
[Round "2"]
[White "Mattsson, Michael"]
[Black "Rydstrom, Tom"]
[Result "0-1"]
[WhiteElo "2045"]
[BlackElo "2291"]
[PlyCount "134"]
[EventDate "2015.05.14"]
[EventType "swiss"]
[EventRounds "8"]
[EventCountry "SWE"]
[SourceTitle "CBM 166 Extra"]
[Source "ChessBase"]
[SourceDate "2015.06.18"]
[SourceVersion "1"]
[SourceVersionDate "2015.06.18"]
[SourceQuality "1"]

1. e4 e5 2. Nf3 Nc6 3. Bb5 a6 4. Ba4 Nf6 5. Qe2 b5 6. Bb3 Be7 7. d3 d6 8. c3 0-0 9. 0-0 Na5 10. Bc2 c5 11. Re1 Re8 12. Nbd2 g6 13. Nf1 Nh5 14. a4 Bd7 15. Bh6 Bf8 16. Bxf8 Rxf8 17. g3 Nc6 18. Bb3 Kh8 19. Ne3 Ng7 20. Bd5 Rb8 21. axb5 axb5 22. Ra6 Rb6 23. Rea1 h6 24. Nh4 Rxa6 25. Rxa6 Qc8 26. Ra1 Ne6 27. Qf3 Qd8 28. Ra6 Ng5 29. Qe2 Qc8 30. Ra1 Kh7 31. Kh1 Nh3 32. Kg2 Ng5 33. f4 exf4 34. gxf4 Qd8 35. Qf2 Ne6 36. f5 Qg5+ 37. Kh1 Nf4 38. Nf3 Qh5 39. Ne1 Nh3 40. fxg6+ Kg7 41. Nf5+ Bxf5 42. Qxf5 Qxf5 43. exf5 Ne7 44. Bxf7 Nxf5 45. Kg2 Ng5 46. Ra7 Ne3+ 47. Kf2 Nd1+ 48. Ke2 Nxb2 49. Ra2 Na4 50. Ra3 Nxf7 51. gxf7 Nb6 52. Ra6 Nc8 53. Ra5 Ne7 54. Rxb5 Nd5 55. Rb3 Kxf7 56. c4 Nf4+ 57. Ke3 Ke6 58. Nf3 Ng2+ 59. Ke2 Kf5 60. Rb6 Rf6 61. Kf2 Nf4 62. d4 cxd4 63. Nxd4+ Ke4 64. Nf3 Nd3+ 65. Ke2 Rxf3 66. Rxd6 Rf2+ 67. Kd1 Rxh2 0-1

[Event "Vaxjo op"]
[Site "Vaxjo"]
[Date "2015.02.13"]
[Round "4"]
[White "Mattsson, Michael"]
[Black "Brynell, Stellan"]
[Result "0-1"]
[WhiteElo "2076"]
[BlackElo "2452"]
[PlyCount "116"]
[EventDate "2015.02.13"]
[EventType "swiss"]
[EventRounds "8"]
[EventCountry "SWE"]
[SourceTitle "CBM 164 Extra"]
[Source "ChessBase"]
[SourceDate "2015.03.02"]
[SourceVersion "1"]
[SourceVersionDate "2015.03.02"]
[SourceQuality "1"]

1. e4 e6 2. d4 d5 3. Nd2 c5 4. Ngf3 a6 5. dxc5 Bxc5 6. Nb3 Bb6 7. exd5 exd5 8. Bd3 Nf6 9. 0-0 0-0 10. Bg5 Nc6 11. Qd2 Qd6 12. Bf4 Qd8 13. c3 Bg4 14. Nfd4 Bh5 15. Bg5 Bg6 16. Bxg6 hxg6 17. Qf4 Bc7 18. Qh4 Qd6 19. Bxf6 gxf6 20. f4 Qd7 21. Nxc6 bxc6 22. Qxf6 Rfe8 23. Rf3 Bd8 24. Qd4 Qf5 25. Qd3 Qxd3 26. Rxd3 Re2 27. Rd2 Bb6+ 28. Kf1 Rxd2 29. Nxd2 Be3 30. Nb3 Bxf4 31. g3 Bd6 32. Re1 Kg7 33. Na5 Rc8 34. Rd1 Be5 35. Kf2 f5 36. Kf3 Kf6 37. h4 Rc7 38. Rh1 c5 39. Nb3 c4 40. Nc1 Rb7 41. Rh2 Ke6 42. Re2 Kd6 43. g4 Rh7 44. gxf5 gxf5 45. Rg2 Rxh4 46. Rg6+ Ke7 47. Ne2 a5 48. Ra6 Rh3+ 49. Kf2 f4 50. Rxa5 Ke6 51. Nd4+ Bxd4+ 52. cxd4 Rd3 53. Ra8 Kf5 54. a4 Rb3 55. a5 Ke4 56. Re8+ Kxd4 57. a6 Rxb2+ 58. Kf3 Ra2 0-1

[Event "Rilton Cup 42nd"]
[Site "Stockholm"]
[Date "2013.01.05"]
[Round "9"]
[White "Mattsson, Michael"]
[Black "Mack, Wolfgang"]
[Result "1-0"]
[WhiteElo "2081"]
[BlackElo "2306"]
[PlyCount "65"]
[EventDate "2012.12.27"]
[EventType "swiss"]
[EventRounds "9"]
[EventCountry "SWE"]
[SourceTitle "CBM 152 Extra"]
[Source "ChessBase"]
[SourceDate "2013.02.25"]
[SourceVersion "1"]
[SourceVersionDate "2013.02.25"]
[SourceQuality "1"]

1. e4 g6 2. d4 Bg7 3. Nc3 d6 4. Be3 a6 5. Qd2 Nd7 6. h4 h5 7. 0-0-0 b5 8. Nh3 Bb7 9. Ng5 Ngf6 10. f3 Rc8 11. e5 dxe5 12. dxe5 Nxe5 13. Qxd8+ Rxd8 14. Rxd8+ Kxd8 15. Bd4 Nfd7 16. f4 Bh6 17. Kb1 Bxg5 18. hxg5 f6 19. fxe5 fxg5 20. e6 Nf6 21. Bd3 Rg8 22. Rd1 Kc8 23. Bc5 Rg7 24. Bd4 h4 25. Ne4 c5 26. Bxf6 exf6 27. Nd6+ Kb8 28. Nxb7 Kxb7 29. Bxg6 Re7 30. Bf5 Kc6 31. c4 Rg7 32. Rd7 Rg8 33. Be4+ 1-0

[Event "Rilton Cup 42nd"]
[Site "Stockholm"]
[Date "2013.01.04"]
[Round "8"]
[White "Jakobsen, Alf Gjoran"]
[Black "Mattsson, Michael"]
[Result "0-1"]
[WhiteElo "1901"]
[BlackElo "2081"]
[PlyCount "88"]
[EventDate "2012.12.27"]
[EventType "swiss"]
[EventRounds "9"]
[EventCountry "SWE"]
[SourceTitle "CBM 152 Extra"]
[Source "ChessBase"]
[SourceDate "2013.02.25"]
[SourceVersion "1"]
[SourceVersionDate "2013.02.25"]
[SourceQuality "1"]

1. d4 Nf6 2. c4 g6 3. g3 c6 4. Nc3 d5 5. cxd5 cxd5 6. Bg2 Bg7 7. e3 0-0 8. Nge2 Nc6 9. 0-0 Bf5 10. Nf4 e6 11. h3 g5 12. Nd3 Rc8 13. Ne1 Na5 14. Nf3 h6 15. Re1 Qb6 16. Ne5 Nc4 17. Nxc4 Rxc4 18. Bf1 Rc6 19. Kg2 Rfc8 20. Bd3 Ne4 21. Bxe4 Bxe4+ 22. Nxe4 dxe4 23. b3 Qa6 24. Re2 Rxc1 25. Rxc1 Rxc1 26. Qxc1 Qxe2 27. Qc8+ Bf8 28. Qxb7 Qxa2 29. b4 a6 30. b5 axb5 31. Qxb5 Qd5 32. Qb8 Kg7 33. Qb1 Bd6 34. Qc2 e5 35. dxe5 Qxe5 36. Qc6 h5 37. Qd7 Bc7 38. Kf1 Ba5 39. Kg2 Bc3 40. Kf1 Qe6 41. Qxe6 fxe6 42. Ke2 Kf6 43. f4 exf3+ 44. Kxf3 Ke5 0-1